000 00300nam a22001337a 4500
008 170613b xxu||||| |||| 00| 0 eng d
020 _a080181166-X
041 _aeng
080 _a32
100 _a19
101 _aSHP
245 _aSOVIET POWER AND EUROPE 1945-1970
_cWOLFE,TH.W
942 _2udc
_cBK
999 _c17203
_d17203